[Event "16 Dubai Open 2014"]
[Site "Dubai Chess Club"]
[Date "2014.04.08"]
[Round "2"]
[Board "10"]
[White "Nezad, Husein Aziz"]
[Black "Gupta, Abhijeet"]
[Result "0-1"]
[WhiteElo "2366"]
[BlackElo "2630"]
[PlyCount "0"]
[EventDate "2014.04.07"]
[EventRounds "9"]
[EventCountry "UAE"]

1. d4 {[%clk 1:30:46]} Nf6 {[%clk 1:30:37]} 2. c4 {[%clk 1:30:58]} g6
{[%clk 1:30:43]} 3. Nc3 {[%clk 1:31:06]} d5 {[%clk 1:30:42]} 4. cxd5
{[%clk 1:31:03]} Nxd5 {[%clk 1:31:07]} 5. Bd2 {[%clk 1:30:55]} Nb6
{[%clk 1:30:02]} 6. e4 {[%clk 1:30:12]} Bg7 {[%clk 1:28:41]} 7. Be3
{[%clk 1:29:33]} O-O {[%clk 1:29:04]} 8. h3 {[%clk 1:28:05]} e5 {[%clk 1:28:59]}
9. dxe5 {[%clk 1:28:02]} Bxe5 {[%clk 1:26:10]} 10. Qc2 {[%clk 1:27:09]} Nc6
{[%clk 1:24:43]} 11. Nf3 {[%clk 1:27:18]} Bg7 {[%clk 1:23:35]} 12. Bc5
{[%clk 1:25:09]} Re8 {[%clk 1:21:44]} 13. Rd1 {[%clk 1:25:10]} Qf6
{[%clk 1:09:00]} 14. Be2 {[%clk 1:23:37]} Be6 {[%clk 1:07:55]} 15. O-O
{[%clk 1:22:00]} Rad8 {[%clk 1:04:24]} 16. Nb5 {[%clk 1:15:02]} Rxd1
{[%clk 1:02:47]} 17. Rxd1 {[%clk 1:13:20]} Rc8 {[%clk 1:02:32]} 18. Nfd4
{[%clk 1:10:45]} Nxd4 {[%clk 0:54:31]} 19. Bxd4 {[%clk 1:04:09]} Qg5
{[%clk 0:54:25]} 20. Bxg7 {[%clk 0:56:03]} Kxg7 {[%clk 0:54:45]} 21. Nxa7
{[%clk 0:53:17]} Ra8 {[%clk 0:54:48]} 22. Nb5 {[%clk 0:49:02]} Kg8
{[%clk 0:48:15]} 23. Qd2 {[%clk 0:27:59]} Qxd2 {[%clk 0:44:28]} 24. Rxd2
{[%clk 0:26:14]} c6 {[%clk 0:44:53]} 25. Nc7 {[%clk 0:24:19]} Rxa2
{[%clk 0:44:13]} 26. Nxe6 {[%clk 0:22:23]} fxe6 {[%clk 0:43:12]} 27. Bg4
{[%clk 0:20:39]} Kf7 {[%clk 0:41:20]} 28. h4 {[%clk 0:10:11]} Ke7
{[%clk 0:40:23]} 29. f4 {[%clk 0:01:24]} Nc4 {[%clk 0:38:45]} 30. Rd4
{[%clk 0:01:42]} Ne3 {[%clk 0:37:52]} 31. Bh3 {[%clk 0:00:40]} Rxb2
{[%clk 0:38:02]} 0-1

[Event "16 Dubai Open 2014"]
[Site "Dubai Chess Club"]
[Date "2014.04.08"]
[Round "2"]
[Board "11"]
[White "Mchedlishvili, Mikheil"]
[Black "Saduakassova, Dinara"]
[Result "1/2-1/2"]
[WhiteElo "2628"]
[BlackElo "2342"]
[PlyCount "0"]
[EventDate "2014.04.07"]
[EventRounds "9"]
[EventCountry "UAE"]

1. Nf3 {[%clk 1:30:56]} Nf6 {[%clk 1:30:51]} 2. g3 {[%clk 1:30:50]} d5
{[%clk 1:30:33]} 3. Bg2 {[%clk 1:30:46]} c6 {[%clk 1:29:57]} 4. c4
{[%clk 1:29:20]} dxc4 {[%clk 1:24:37]} 5. O-O {[%clk 1:28:05]} e6
{[%clk 1:23:09]} 6. Qc2 {[%clk 1:24:49]} b5 {[%clk 1:21:21]} 7. Rd1
{[%clk 1:16:39]} Qb6 {[%clk 1:17:52]} 8. d3 {[%clk 1:10:09]} Bc5 {[%clk 1:12:29]}
9. d4 {[%clk 1:02:55]} Be7 {[%clk 1:12:38]} 10. e4 {[%clk 1:01:41]} Nbd7
{[%clk 1:11:22]} 11. Be3 {[%clk 0:57:25]} Bb7 {[%clk 1:01:02]} 12. Nc3
{[%clk 0:49:31]} Qd8 {[%clk 0:49:36]} 13. h3 {[%clk 0:46:52]} O-O
{[%clk 0:46:31]} 14. Rd2 {[%clk 0:44:43]} b4 {[%clk 0:43:16]} 15. Na4
{[%clk 0:40:35]} Qa5 {[%clk 0:38:53]} 16. Ne5 {[%clk 0:37:31]} Nxe5
{[%clk 0:35:30]} 17. dxe5 {[%clk 0:37:55]} Qxe5 {[%clk 0:35:35]} 18. Qxc4
{[%clk 0:35:43]} Qb5 {[%clk 0:33:11]} 19. Qc2 {[%clk 0:32:07]} c5
{[%clk 0:29:32]} 20. b3 {[%clk 0:31:40]} Nd7 {[%clk 0:26:32]} 21. Rad1
{[%clk 0:30:24]} Bc6 {[%clk 0:25:44]} 22. Nb2 {[%clk 0:28:42]} Nb6
{[%clk 0:19:33]} 23. f3 {[%clk 0:27:29]} Qa5 {[%clk 0:18:02]} 24. Bf1
{[%clk 0:26:15]} Rac8 {[%clk 0:16:43]} 25. Nc4 {[%clk 0:25:35]} Nxc4
{[%clk 0:17:03]} 26. Qxc4 {[%clk 0:25:33]} h6 {[%clk 0:15:16]} 27. Rc1
{[%clk 0:24:05]} Rfd8 {[%clk 0:13:43]} 28. Rdc2 {[%clk 0:21:43]} Bb7
{[%clk 0:12:36]} 29. Qb5 {[%clk 0:17:32]} Qc7 {[%clk 0:11:41]} 30. Kg2
{[%clk 0:17:55]} a6 {[%clk 0:10:49]} 31. Qe2 {[%clk 0:16:29]} Qe5
{[%clk 0:06:04]} 32. Bf4 {[%clk 0:13:12]} Qf6 {[%clk 0:05:54]} 33. Qf2
{[%clk 0:12:37]} Qg6 {[%clk 0:04:03]} 34. Bc4 {[%clk 0:10:12]} h5
{[%clk 0:03:15]} 35. Be2 {[%clk 0:04:39]} h4 {[%clk 0:02:46]} 36. Be3
{[%clk 0:05:08]} Rc7 {[%clk 0:01:28]} 37. Bf4 {[%clk 0:01:27]} Rcc8
{[%clk 0:01:50]} 38. Be3 {[%clk 0:01:55]} Rc7 {[%clk 0:02:13]} 39. Bf4
{[%clk 0:02:16]} 1/2-1/2

[Event "16 Dubai Open 2014"]
[Site "Dubai Chess Club"]
[Date "2014.04.08"]
[Round "2"]
[Board "12"]
[White "Rakhmanov, Aleksandr"]
[Black "Isaev, Jamshed"]
[Result "1-0"]
[WhiteElo "2610"]
[BlackElo "2331"]
[PlyCount "0"]
[EventDate "2014.04.07"]
[EventRounds "9"]
[EventCountry "UAE"]

1. Nf3 {[%clk 1:30:57]} Nf6 {[%clk 1:30:49]} 2. c4 {[%clk 1:31:12]} g6
{[%clk 1:31:03]} 3. Nc3 {[%clk 1:31:30]} d5 {[%clk 1:31:17]} 4. cxd5
{[%clk 1:31:53]} Nxd5 {[%clk 1:31:43]} 5. Qb3 {[%clk 1:31:55]} Nb6
{[%clk 1:31:48]} 6. d4 {[%clk 1:31:35]} Bg7 {[%clk 1:31:44]} 7. Bf4
{[%clk 1:31:53]} O-O {[%clk 1:31:19]} 8. e3 {[%clk 1:32:08]} Be6 {[%clk 1:30:58]}
9. Qa3 {[%clk 1:30:39]} N8d7 {[%clk 1:26:50]} 10. Rd1 {[%clk 1:30:52]} c6
{[%clk 1:25:50]} 11. Ng5 {[%clk 1:30:57]} Bc4 {[%clk 1:23:36]} 12. Bxc4
{[%clk 1:31:16]} Nxc4 {[%clk 1:24:03]} 13. Qb3 {[%clk 1:31:37]} b5
{[%clk 1:17:03]} 14. O-O {[%clk 1:31:35]} e5 {[%clk 1:12:58]} 15. dxe5
{[%clk 1:32:03]} Qe7 {[%clk 1:12:41]} 16. e6 {[%clk 1:32:02]} fxe6
{[%clk 1:12:23]} 17. Nge4 {[%clk 1:25:43]} Ndb6 {[%clk 0:54:42]} 18. Bd6
{[%clk 1:06:26]} Nxd6 {[%clk 0:53:28]} 19. Rxd6 {[%clk 1:01:55]} Nc4
{[%clk 0:49:33]} 20. Rxc6 {[%clk 0:50:13]} a6 {[%clk 0:46:58]} 21. a4
{[%clk 0:44:28]} Rfe8 {[%clk 0:42:39]} 22. Qc2 {[%clk 0:37:51]} Na5
{[%clk 0:24:58]} 23. Rc5 {[%clk 0:36:26]} Rac8 {[%clk 0:20:59]} 24. Rxc8
{[%clk 0:29:58]} Rxc8 {[%clk 0:21:24]} 25. axb5 {[%clk 0:29:40]} axb5
{[%clk 0:21:39]} 26. Qd3 {[%clk 0:28:57]} b4 {[%clk 0:18:25]} 27. Na4
{[%clk 0:28:01]} b3 {[%clk 0:15:30]} 28. Qa6 {[%clk 0:26:25]} Nb7
{[%clk 0:12:39]} 29. Qb5 {[%clk 0:25:02]} Nd6 {[%clk 0:08:32]} 30. Nxd6
{[%clk 0:24:40]} Qxd6 {[%clk 0:09:00]} 31. Qxb3 {[%clk 0:23:54]} Rb8
{[%clk 0:09:20]} 32. Qc2 {[%clk 0:22:10]} Qb4 {[%clk 0:06:46]} 33. g3
{[%clk 0:21:50]} Rd8 {[%clk 0:04:36]} 34. b3 {[%clk 0:20:25]} Rd2
{[%clk 0:04:19]} 35. Qc8+ {[%clk 0:20:34]} Kf7 {[%clk 0:04:46]} 36. Nc5
{[%clk 0:20:32]} Qb6 {[%clk 0:04:27]} 37. Ne4 {[%clk 0:20:16]} Rd8
{[%clk 0:03:23]} 38. Qc4 {[%clk 0:20:44]} h6 {[%clk 0:03:23]} 39. Rc1
{[%clk 0:20:43]} Be5 {[%clk 0:03:44]} 40. Qc5 {[%clk 0:18:06]} Qb8
{[%clk 0:02:32]} 41. b4 {[%clk 0:14:56]} Rd5 {[%clk 0:02:20]} 42. Qc4
{[%clk 0:15:04]} Bd6 {[%clk 0:01:22]} 43. Nxd6+ {[%clk 0:15:12]} Qxd6
{[%clk 0:01:43]} 44. b5 {[%clk 0:14:16]} Qb6 {[%clk 0:01:39]} 45. Qf4+
{[%clk 0:14:32]} Rf5 {[%clk 0:01:48]} 46. Qxh6 {[%clk 0:14:36]} Rxb5
{[%clk 0:02:03]} 47. Rc7+ {[%clk 0:14:37]} 1-0

[Event "16 Dubai Open 2014"]
[Site "Dubai Chess Club"]
[Date "2014.04.08"]
[Round "2"]
[Board "13"]
[White "Krishna, C.R.G."]
[Black "Stevic, Hrvoje"]
[Result "0-1"]
[WhiteElo "2343"]
[BlackElo "2607"]
[PlyCount "0"]
[EventDate "2014.04.07"]
[EventRounds "9"]
[EventCountry "UAE"]

1. d4 Nc6 2. d5 Ne5 3. e4 e6 4. f4 Ng6 5. dxe6 dxe6 6. Qxd8+ Kxd8 7. Nf3 Bc5 8.
Nc3 Bd7 9. Bd2 Nh6 10. h3 f6 11. O-O-O Nf7 12. Bc4 Ke7 13. Rhe1 Rhd8 14. Re2 a6
15. g3 b5 16. Bb3 a5 17. f5 b4 18. fxg6 bxc3 19. Bxc3 hxg6 20. e5 f5 21. Bc4 Bc6
22. Nd4 Bxd4 23. Rxd4 Rxd4 24. Bxd4 Ng5 25. Bc5+ Kf7 26. h4 Ne4 27. Bf2 g5 28.
Bd3 Nxf2 29. Rxf2 gxh4 30. gxh4 Bd5 31. a3 g5 32. hxg5 Kg6 33. Rh2 Kxg5 34. Rh7
Kf4 35. Rxc7 Kxe5 36. Rf7 Be4 37. Bc4 Rc8 38. b3 Bd5 39. Bxd5 Kxd5 40. Kd2 Ke4
41. b4 axb4 42. axb4 Rb8 43. Kc3 f4 44. Kb3 e5 45. c4 Kf3 46. c5 e4 47. Kc4 Re8
48. c6 e3 49. Rh7 e2 0-1

[Event "16 Dubai Open 2014"]
[Site "Dubai Chess Club"]
[Date "2014.04.08"]
[Round "2"]
[Board "14"]
[White "Andriasian, Zaven"]
[Black "Mohannad, Farhan"]
[Result "1-0"]
[WhiteElo "2603"]
[BlackElo "2313"]
[PlyCount "0"]
[EventDate "2014.04.07"]
[EventRounds "9"]
[EventCountry "UAE"]

1. e4 {[%clk 1:30:57]} e6 {[%clk 1:30:37]} 2. d4 {[%clk 1:31:09]} d5
{[%clk 1:30:58]} 3. Nc3 {[%clk 1:31:31]} Nf6 {[%clk 1:31:14]} 4. e5
{[%clk 1:31:50]} Nfd7 {[%clk 1:31:37]} 5. f4 {[%clk 1:32:12]} c5 {[%clk 1:32:00]}
6. Nf3 {[%clk 1:32:36]} Nc6 {[%clk 1:32:25]} 7. Be3 {[%clk 1:32:56]} a6
{[%clk 1:31:57]} 8. Qd2 {[%clk 1:33:15]} b5 {[%clk 1:32:20]} 9. Be2
{[%clk 1:32:51]} Qb6 {[%clk 1:31:44]} 10. Nd1 {[%clk 1:30:03]} b4
{[%clk 1:28:11]} 11. O-O {[%clk 1:29:30]} Be7 {[%clk 1:24:31]} 12. Bf2
{[%clk 1:24:22]} g6 {[%clk 1:09:17]} 13. c4 {[%clk 1:23:15]} bxc3
{[%clk 1:06:25]} 14. bxc3 {[%clk 1:23:28]} c4 {[%clk 1:00:17]} 15. Ne3
{[%clk 1:18:58]} Qa5 {[%clk 0:58:37]} 16. Rab1 {[%clk 1:17:56]} Nb6
{[%clk 0:56:45]} 17. Ng4 {[%clk 1:17:22]} h6 {[%clk 0:41:39]} 18. h4
{[%clk 1:07:56]} Na7 {[%clk 0:37:42]} 19. h5 {[%clk 1:03:08]} gxh5
{[%clk 0:37:58]} 20. Nf6+ {[%clk 1:03:15]} Kd8 {[%clk 0:32:50]} 21. Nh4
{[%clk 1:03:16]} Nb5 {[%clk 0:32:44]} 22. Bxh5 {[%clk 1:03:15]} Bxf6
{[%clk 0:31:47]} 23. exf6 {[%clk 1:03:24]} Nd6 {[%clk 0:30:55]} 24. f5
{[%clk 1:02:51]} Ne4 {[%clk 0:21:25]} 25. Qf4 {[%clk 1:03:03]} Na4
{[%clk 0:21:35]} 26. Bxf7 {[%clk 0:59:58]} Naxc3 {[%clk 0:22:00]} 27. Rbe1
{[%clk 1:00:12]} exf5 {[%clk 0:15:54]} 28. Ng6 {[%clk 1:00:20]} Rh7
{[%clk 0:16:07]} 29. Bg8 {[%clk 1:00:33]} Raa7 {[%clk 0:16:31]} 30. Bh4
{[%clk 0:59:05]} Rhf7 {[%clk 0:16:21]} 31. Ne5 {[%clk 0:58:25]} Qb6
{[%clk 0:13:58]} 32. Nxf7+ {[%clk 0:58:16]} Rxf7 {[%clk 0:14:25]} 33. Bxf7
{[%clk 0:58:35]} Qxd4+ {[%clk 0:14:52]} 34. Kh2 {[%clk 0:58:36]} 1-0

[Event "16 Dubai Open 2014"]
[Site "Dubai Chess Club"]
[Date "2014.04.08"]
[Round "2"]
[Board "15"]
[White "Prince, Bajaj"]
[Black "Iordachescu, Viorel"]
[Result "1/2-1/2"]
[WhiteElo "2319"]
[BlackElo "2601"]
[PlyCount "0"]
[EventDate "2014.04.07"]
[EventRounds "9"]
[EventCountry "UAE"]

1. e4 {[%clk 1:27:15]} e5 {[%clk 1:30:35]} 2. Nf3 {[%clk 1:27:41]} Nc6
{[%clk 1:30:54]} 3. Bb5 {[%clk 1:28:06]} a6 {[%clk 1:31:15]} 4. Ba4
{[%clk 1:28:32]} Nge7 {[%clk 1:31:27]} 5. c3 {[%clk 1:24:48]} g6 {[%clk 1:28:26]}
6. d4 {[%clk 1:22:59]} exd4 {[%clk 1:28:41]} 7. cxd4 {[%clk 1:23:08]} b5
{[%clk 1:29:00]} 8. Bc2 {[%clk 1:16:52]} d5 {[%clk 1:29:14]} 9. exd5
{[%clk 1:15:44]} Nxd5 {[%clk 1:28:49]} 10. O-O {[%clk 1:15:50]} Be6
{[%clk 1:28:16]} 11. Bg5 {[%clk 1:08:32]} Qd7 {[%clk 1:28:28]} 12. Nc3
{[%clk 1:04:53]} Nxc3 {[%clk 1:27:58]} 13. bxc3 {[%clk 1:05:18]} Bg7
{[%clk 1:28:15]} 14. Bb3 {[%clk 0:47:35]} Bxb3 {[%clk 1:28:02]} 15. axb3
{[%clk 0:46:31]} O-O {[%clk 1:28:19]} 16. Re1 {[%clk 0:42:17]} h6
{[%clk 1:24:55]} 17. Bf4 {[%clk 0:41:00]} a5 {[%clk 1:19:57]} 18. Qd3
{[%clk 0:26:58]} b4 {[%clk 1:15:00]} 19. Ne5 {[%clk 0:21:19]} Nxe5
{[%clk 1:14:32]} 20. Bxe5 {[%clk 0:21:43]} Rfd8 {[%clk 1:12:27]} 21. Qc4
{[%clk 0:09:58]} bxc3 {[%clk 1:04:30]} 22. Qxc3 {[%clk 0:10:10]} Qd5
{[%clk 1:00:23]} 23. Bxg7 {[%clk 0:03:51]} Kxg7 {[%clk 1:00:45]} 24. Qxc7
{[%clk 0:03:59]} Qxd4 {[%clk 0:58:03]} 25. Qe5+ {[%clk 0:02:21]} Qxe5
{[%clk 0:56:14]} 26. Rxe5 {[%clk 0:02:48]} Kf6 {[%clk 0:52:57]} 27. f4
{[%clk 0:01:39]} Rab8 {[%clk 0:51:16]} 28. Rexa5 {[%clk 0:00:45]} Rxb3
{[%clk 0:51:24]} 29. Ra7 {[%clk 0:00:49]} h5 {[%clk 0:49:49]} 30. g3
{[%clk 0:00:37]} h4 {[%clk 0:47:37]} 31. R7a3 {[%clk 0:00:45]} Rb2
{[%clk 0:46:34]} 32. R3a2 {[%clk 0:00:49]} Rdd2 {[%clk 0:46:06]} 33. Rxb2
{[%clk 0:01:14]} Rxb2 {[%clk 0:46:32]} 34. Rf1 {[%clk 0:00:40]} hxg3
{[%clk 0:41:36]} 35. hxg3 {[%clk 0:01:07]} Kf5 {[%clk 0:42:01]} 36. Rf3
{[%clk 0:00:34]} Kg4 {[%clk 0:42:11]} 37. Ra3 {[%clk 0:00:37]} Kh3
{[%clk 0:41:37]} 38. Kf1 {[%clk 0:00:34]} f5 {[%clk 0:41:40]} 39. Ra6
{[%clk 0:00:36]} Kxg3 {[%clk 0:41:25]} 40. Rxg6+ {[%clk 0:01:04]} Kf3
{[%clk 0:41:35]} 41. Re6 {[%clk 0:00:35]} Ra2 {[%clk 0:38:36]} 42. Re8
{[%clk 0:00:33]} Rh2 {[%clk 0:37:34]} 43. Kg1 {[%clk 0:00:33]} Rg2+
{[%clk 0:35:23]} 44. Kf1 {[%clk 0:00:55]} Ra2 {[%clk 0:35:14]} 45. Re7
{[%clk 0:01:10]} Kxf4 {[%clk 0:33:57]} 46. Rb7 {[%clk 0:01:22]} Kg4
{[%clk 0:34:18]} 47. Rb4+ {[%clk 0:01:07]} Kg3 {[%clk 0:34:36]} 48. Rb3+
{[%clk 0:01:31]} Kg4 {[%clk 0:34:59]} 49. Rb4+ {[%clk 0:01:53]} f4
{[%clk 0:35:19]} 50. Rb3 {[%clk 0:02:21]} f3 {[%clk 0:35:02]} 51. Rb8
{[%clk 0:02:45]} Ra1+ {[%clk 0:34:40]} 52. Kf2 {[%clk 0:03:14]} Ra2+
{[%clk 0:35:02]} 53. Kf1 {[%clk 0:03:43]} Ra1+ {[%clk 0:35:03]} 54. Kf2
{[%clk 0:04:11]} Ra2+ {[%clk 0:35:27]} 55. Kf1 {[%clk 0:04:38]} Ra1+ 1/2-1/2

[Event "16 Dubai Open 2014"]
[Site "Dubai Chess Club"]
[Date "2014.04.08"]
[Round "2"]
[Board "16"]
[White "Schneider, Veronika"]
[Black "Bachmann, Axel"]
[Result "0-1"]
[WhiteElo "2307"]
[BlackElo "2598"]
[PlyCount "0"]
[EventDate "2014.04.07"]
[EventRounds "9"]
[EventCountry "UAE"]

1. e4 {[%clk 1:30:56]} g6 {[%clk 1:30:47]} 2. d4 {[%clk 1:30:59]} Bg7
{[%clk 1:30:50]} 3. Nc3 {[%clk 1:30:59]} c6 {[%clk 1:30:59]} 4. h3
{[%clk 1:29:06]} d6 {[%clk 1:31:04]} 5. Be3 {[%clk 1:27:17]} Nd7 {[%clk 1:30:01]}
6. Nf3 {[%clk 1:21:45]} b5 {[%clk 1:28:53]} 7. Bd3 {[%clk 1:21:08]} Bb7
{[%clk 1:27:05]} 8. O-O {[%clk 1:20:27]} Qc7 {[%clk 1:27:03]} 9. Qd2
{[%clk 1:14:41]} Ngf6 {[%clk 1:27:04]} 10. Ne2 {[%clk 1:06:26]} c5
{[%clk 1:22:21]} 11. e5 {[%clk 1:00:36]} c4 {[%clk 1:20:35]} 12. exf6
{[%clk 1:00:06]} Nxf6 {[%clk 1:20:44]} 13. Ng3 {[%clk 0:50:32]} cxd3
{[%clk 1:19:59]} 14. Qxd3 {[%clk 0:50:55]} Bxf3 {[%clk 1:19:05]} 15. gxf3
{[%clk 0:51:19]} O-O {[%clk 1:19:13]} 16. a4 {[%clk 0:42:06]} b4 {[%clk 1:18:27]}
17. a5 {[%clk 0:40:57]} Rfc8 {[%clk 1:14:28]} 18. Rfc1 {[%clk 0:40:28]} Nd5
{[%clk 1:12:24]} 19. Nf1 {[%clk 0:31:07]} f5 {[%clk 1:08:16]} 20. Nd2
{[%clk 0:18:22]} e6 {[%clk 1:07:58]} 21. Nb3 {[%clk 0:18:18]} Rab8
{[%clk 1:06:02]} 22. Qd2 {[%clk 0:17:06]} Qe7 {[%clk 1:05:13]} 23. Bg5
{[%clk 0:15:28]} Bf6 {[%clk 1:05:27]} 24. h4 {[%clk 0:14:23]} Bxg5
{[%clk 1:04:25]} 25. Qxg5 {[%clk 0:14:18]} Qxg5+ {[%clk 1:02:51]} 26. hxg5
{[%clk 0:14:43]} Rc4 {[%clk 1:03:00]} 27. Re1 {[%clk 0:11:40]} Nf4
{[%clk 1:02:31]} 0-1

[Event "16 Dubai Open 2014"]
[Site "Dubai Chess Club"]
[Date "2014.04.08"]
[Round "2"]
[Board "17"]
[White "Tabatabaei, M.Amin"]
[Black "Bogner, Sebastian"]
[Result "1-0"]
[WhiteElo "2298"]
[BlackElo "2587"]
[PlyCount "0"]
[EventDate "2014.04.07"]
[EventRounds "9"]
[EventCountry "UAE"]

1. e4 {[%clk 1:30:53]} c5 {[%clk 1:30:56]} 2. Nf3 {[%clk 1:31:14]} d6
{[%clk 1:31:22]} 3. Bb5+ {[%clk 1:31:35]} Nc6 {[%clk 1:29:45]} 4. O-O
{[%clk 1:31:53]} Bd7 {[%clk 1:30:02]} 5. Re1 {[%clk 1:32:13]} a6 {[%clk 1:30:12]}
6. Bf1 {[%clk 1:32:33]} Nf6 {[%clk 1:29:57]} 7. c3 {[%clk 1:32:54]} Bg4
{[%clk 1:29:47]} 8. d4 {[%clk 1:33:09]} cxd4 {[%clk 1:18:36]} 9. cxd4
{[%clk 1:33:27]} e5 {[%clk 1:19:02]} 10. d5 {[%clk 1:33:41]} Nd4 {[%clk 1:19:22]}
11. Be3 {[%clk 1:33:56]} Bxf3 {[%clk 1:12:04]} 12. gxf3 {[%clk 1:34:12]} Be7
{[%clk 1:12:30]} 13. Bxd4 {[%clk 1:32:24]} exd4 {[%clk 1:12:56]} 14. Qxd4
{[%clk 1:32:38]} O-O {[%clk 1:12:08]} 15. f4 {[%clk 1:24:35]} Qd7
{[%clk 1:05:52]} 16. Qe3 {[%clk 1:23:24]} Ng4 {[%clk 1:00:03]} 17. Qg3
{[%clk 1:17:10]} f5 {[%clk 1:00:17]} 18. Bh3 {[%clk 0:50:14]} h5 {[%clk 0:35:46]}
19. Nc3 {[%clk 0:37:57]} Qd8 {[%clk 0:35:38]} 20. Bxg4 {[%clk 0:29:35]} fxg4
{[%clk 0:34:39]} 21. Re2 {[%clk 0:26:15]} Bh4 {[%clk 0:34:06]} 22. Qe3
{[%clk 0:26:36]} b5 {[%clk 0:24:38]} 23. e5 {[%clk 0:20:36]} b4 {[%clk 0:25:03]}
24. Na4 {[%clk 0:20:36]} dxe5 {[%clk 0:10:43]} 25. fxe5 {[%clk 0:14:26]} Rf3
{[%clk 0:10:58]} 26. Qd4 {[%clk 0:14:36]} Qg5 {[%clk 0:07:21]} 27. e6
{[%clk 0:08:21]} g3 {[%clk 0:07:34]} 28. fxg3 {[%clk 0:08:34]} Bxg3
{[%clk 0:07:59]} 29. hxg3 {[%clk 0:05:39]} Rxg3+ {[%clk 0:08:21]} 30. Kh1
{[%clk 0:06:04]} Rf8 {[%clk 0:05:01]} 31. e7 {[%clk 0:04:53]} Rh3+
{[%clk 0:04:39]} 32. Rh2 {[%clk 0:05:17]} Rxh2+ {[%clk 0:04:55]} 33. Kxh2
{[%clk 0:05:46]} Qxe7 {[%clk 0:05:24]} 34. Rg1 {[%clk 0:04:57]} Rf6
{[%clk 0:04:13]} 35. Nc5 {[%clk 0:02:34]} g6 {[%clk 0:04:42]} 36. Kh1
{[%clk 0:00:55]} Kh7 {[%clk 0:03:43]} 37. Ne4 {[%clk 0:00:35]} Rf4
{[%clk 0:04:03]} 38. Ng5+ {[%clk 0:00:58]} Qxg5 {[%clk 0:03:30]} 39. Qa7+
{[%clk 0:01:20]} Kh6 {[%clk 0:03:21]} 40. Rxg5 {[%clk 0:01:44]} Kxg5
{[%clk 0:03:50]} 41. d6 {[%clk 0:02:04]} 1-0

[Event "16 Dubai Open 2014"]
[Site "Dubai Chess Club"]
[Date "2014.04.08"]
[Round "2"]
[Board "18"]
[White "Jumabayev, Rinat"]
[Black "Abhishek, Kelkar"]
[Result "1-0"]
[WhiteElo "2580"]
[BlackElo "2300"]
[PlyCount "0"]
[EventDate "2014.04.07"]
[EventRounds "9"]
[EventCountry "UAE"]

1. c4 {[%clk 1:30:45]} Nf6 {[%clk 1:30:29]} 2. Nf3 {[%clk 1:30:55]} g6
{[%clk 1:30:49]} 3. Nc3 {[%clk 1:30:55]} Bg7 {[%clk 1:31:06]} 4. g3
{[%clk 1:30:13]} O-O {[%clk 1:31:27]} 5. Bg2 {[%clk 1:30:40]} c6 {[%clk 1:31:13]}
6. d4 {[%clk 1:28:27]} d6 {[%clk 1:31:24]} 7. O-O {[%clk 1:28:41]} Bf5
{[%clk 1:31:48]} 8. Nh4 {[%clk 1:19:45]} Be6 {[%clk 1:32:02]} 9. d5
{[%clk 1:14:20]} cxd5 {[%clk 1:31:35]} 10. cxd5 {[%clk 1:14:32]} Bd7
{[%clk 1:31:56]} 11. h3 {[%clk 1:14:55]} Na6 {[%clk 1:31:14]} 12. Be3
{[%clk 1:14:58]} Qa5 {[%clk 1:24:52]} 13. a3 {[%clk 1:13:39]} Rfc8
{[%clk 1:25:09]} 14. Bd4 {[%clk 1:12:51]} Nc7 {[%clk 1:09:41]} 15. Re1
{[%clk 1:02:32]} Nb5 {[%clk 1:06:25]} 16. Nxb5 {[%clk 1:02:47]} Bxb5
{[%clk 1:03:30]} 17. Nf3 {[%clk 1:02:17]} Nd7 {[%clk 0:51:58]} 18. Bxg7
{[%clk 0:58:56]} Kxg7 {[%clk 0:51:37]} 19. a4 {[%clk 0:58:35]} Bc4
{[%clk 0:45:57]} 20. b3 {[%clk 0:58:36]} Bxd5 {[%clk 0:44:28]} 21. b4
{[%clk 0:58:44]} Qxb4 {[%clk 0:44:39]} 22. Qxd5 {[%clk 0:59:07]} Nf6
{[%clk 0:45:04]} 23. Qb5 {[%clk 0:51:54]} Qxb5 {[%clk 0:45:22]} 24. axb5
{[%clk 0:52:21]} Rc5 {[%clk 0:45:22]} 25. Reb1 {[%clk 0:52:32]} d5
{[%clk 0:44:15]} 26. Ne1 {[%clk 0:49:14]} Ne4 {[%clk 0:42:57]} 27. Nd3
{[%clk 0:32:43]} Rc4 {[%clk 0:40:31]} 28. Rb4 {[%clk 0:23:52]} Rxb4
{[%clk 0:40:53]} 29. Nxb4 {[%clk 0:24:13]} e6 {[%clk 0:41:21]} 30. Bxe4
{[%clk 0:22:36]} dxe4 {[%clk 0:41:41]} 31. Ra4 {[%clk 0:22:50]} f5
{[%clk 0:41:34]} 32. Nc2 {[%clk 0:22:54]} Kf6 {[%clk 0:37:20]} 33. Ne3
{[%clk 0:22:28]} a6 {[%clk 0:36:41]} 34. Kg2 {[%clk 0:22:33]} h6 {[%clk 0:36:20]}
35. Ra5 {[%clk 0:21:04]} g5 {[%clk 0:34:18]} 36. g4 {[%clk 0:20:26]} f4
{[%clk 0:30:46]} 37. Nc4 {[%clk 0:20:44]} Ke7 {[%clk 0:31:10]} 38. Nd2
{[%clk 0:19:56]} e3 {[%clk 0:31:03]} 39. fxe3 {[%clk 0:20:22]} fxe3
{[%clk 0:31:28]} 40. Ne4 {[%clk 0:20:20]} Kd7 {[%clk 0:30:48]} 41. bxa6
{[%clk 0:20:35]} bxa6 {[%clk 0:31:12]} 42. Rxa6 {[%clk 0:20:52]} 1-0

[Event "16 Dubai Open 2014"]
[Site "Dubai Chess Club"]
[Date "2014.04.08"]
[Round "2"]
[Board "19"]
[White "Khademalsharieh, Sarasadat"]
[Black "Brkic, Ante"]
[Result "0-1"]
[WhiteElo "2292"]
[BlackElo "2568"]
[PlyCount "0"]
[EventDate "2014.04.07"]
[EventRounds "9"]
[EventCountry "UAE"]

1. d4 {[%clk 1:30:39]} Nf6 {[%clk 1:30:51]} 2. Nf3 {[%clk 1:30:53]} e6
{[%clk 1:31:12]} 3. c4 {[%clk 1:31:10]} Bb4+ {[%clk 1:31:34]} 4. Nbd2
{[%clk 1:31:21]} O-O {[%clk 1:31:42]} 5. a3 {[%clk 1:31:22]} Be7 {[%clk 1:31:59]}
6. e4 {[%clk 1:31:26]} d5 {[%clk 1:32:11]} 7. e5 {[%clk 1:31:30]} Nfd7
{[%clk 1:32:33]} 8. Qc2 {[%clk 1:31:14]} c5 {[%clk 1:30:21]} 9. Bd3
{[%clk 1:31:17]} h6 {[%clk 1:28:13]} 10. O-O {[%clk 1:29:10]} a5 {[%clk 1:20:48]}
11. Nb3 {[%clk 1:22:04]} b6 {[%clk 1:08:32]} 12. Be3 {[%clk 1:03:49]} Bb7
{[%clk 1:06:05]} 13. cxd5 {[%clk 0:58:40]} exd5 {[%clk 1:04:49]} 14. Bf5
{[%clk 0:43:38]} Nc6 {[%clk 0:45:51]} 15. e6 {[%clk 0:33:39]} fxe6
{[%clk 0:45:56]} 16. Bxe6+ {[%clk 0:34:03]} Kh8 {[%clk 0:46:24]} 17. dxc5
{[%clk 0:33:17]} Rxf3 {[%clk 0:43:59]} 18. gxf3 {[%clk 0:32:35]} Nde5
{[%clk 0:40:35]} 19. Qd1 {[%clk 0:25:59]} d4 {[%clk 0:36:51]} 20. f4
{[%clk 0:21:19]} dxe3 {[%clk 0:36:23]} 21. Qxd8+ {[%clk 0:14:03]} Nxd8
{[%clk 0:35:21]} 22. fxe5 {[%clk 0:12:38]} Nxe6 {[%clk 0:26:18]} 23. fxe3
{[%clk 0:12:20]} Bd5 {[%clk 0:17:10]} 24. Nd4 {[%clk 0:12:18]} Nxd4
{[%clk 0:17:16]} 25. exd4 {[%clk 0:12:39]} bxc5 {[%clk 0:17:43]} 0-1